Przedstawiciele Szkoły Austriackiej - Nagła Śmierć - Statystyki

Ogólne statystyki
  • Ten quiz został rozwiązany 49 razy
    25 od ostatniego zresetowania
  • Średni wynik to 4 z 13
Answers on the Grid
Answers color-coded by a green-red scale on the quiz's grid according to % correct below.
Adam Smith
Carl Menger
David Ricardo
Eugen von Böhm-Bawerk
Friedrich August von Hayek
Friedrich von Wieser
Gary Becker
George Stigler
Hans Mayer
Hans-Hermann Hoppe
Henry Hazlitt
Israel Kirzner
John Maynard Keynes
Karol Marks
Leon Walras
Lew Rockwell
Lew Trocki
Ludwig von Mises
Milton Friedman
Murray Rothbard
Peter Schiff
Ronald Coase
Thomas Sowell
Walter Block
 
Statystyki odpowiedzi
Odpowiedź % Poprawnych
Carl Menger
60%
Hans-Hermann Hoppe
60%
Eugen von Böhm-Bawerk
40%
Friedrich August von Hayek
40%
Friedrich von Wieser
40%
Israel Kirzner
40%
Murray Rothbard
40%
Walter Block
40%
Hans Mayer
20%
Lew Rockwell
20%
Ludwig von Mises
20%
Henry Hazlitt
0%
Peter Schiff
0%
Nie znaleziono quizów pasujących do podanych kryteriów
Rozkład punktacji
Procent ludzi z każdym wynikiem
Percentyl według liczby udzielonych odpowiedzi
Twoja historia wyników
Nie rozwiązałeś tego quizu od ostatniego zresetowania